00935mam a2200217 a 4500020001500000082003000015110004600045245006100091250001700152260007100169300003800240500013700278500004800415500006600463526003700529526003700566650002900603650000900632650002200641650005400663 a1564240002 a624.1821bCONcN-01, P-892 aAmerican Institute of Steel Construction.10aManual of steel construction :ballowable stress design. a9th ed. rev. aChicago, Ill. :bAmerican Institute of Steel Construction,cc1991. avarious pagings :bill. ;c24 cm. aIn Part 1, domestic availability of W shapes has been updated.; In Part 4, design procedure for column base plates has been revised. aOn spine: Steel construction manual, A S D. aOriginally published in 1926 under title: Steel construction. a0b0c0d624_182100000000000_CON a0b0c0d624_182100000000000_CON 0aBuilding, Iron and steel 0aNUST 0aSteel, Structural 0aSteel, StructuralxSpecificationszUnited States.